Faculty of Law Library — Cairo University

Official Online Catalog

The Diplomats 1919-1939 / (Record no. 64722)

MARC details
000 -LEADER
fixed length control field 01018nam a2200325 i 4500
003 - CONTROL NUMBER IDENTIFIER
control field EG-GICUC
005 - DATE AND TIME OF LATEST TRANSACTION
control field 20260402200156.0
008 - FIXED-LENGTH DATA ELEMENTS--GENERAL INFORMATION
fixed length control field 260303s1953 us o|||er|||| 00| 0 eng d
040 ## - CATALOGING SOURCE
Original cataloging agency EG-GiCUC
Language of cataloging eng
Transcribing agency EG-GiCUC
Modifying agency EG-GiCUC
Description conventions rda
041 ## - LANGUAGE CODE
Language code of text/sound track or separate title eng
082 04 - DEWEY DECIMAL CLASSIFICATION NUMBER
Edition number 21
Classification number 341.33
Item number DI
092 04 - LOCALLY ASSIGNED DEWEY CALL NUMBER (OCLC)
Edition number 21
099 ## - LOCAL FREE-TEXT CALL NUMBER (OCLC)
Classification number Law1 11 341.33 DI 1953
100 1# - MAIN ENTRY--PERSONAL NAME
Personal name Craig , Gordon A.
Relator term editor.
245 ## - TITLE STATEMENT
Title The Diplomats 1919-1939 /
Statement of responsibility, etc. Gordon A. Craig .
264 ## - PRODUCTION, PUBLICATION, DISTRIBUTION, MANUFACTURE, AND COPYRIGHT NOTICE
Place of production, publication, distribution, manufacture New Jersey :
Name of producer, publisher, distributor, manufacturer PRINCETON UNIVERSITY PRESS ,
Date of production, publication, distribution, manufacture, or copyright notice 1953 .
300 ## - PHYSICAL DESCRIPTION
Extent 700 pages :
Other physical details illustrations, Photographs,
Dimensions 24 cm
336 ## - CONTENT TYPE
Source rda content
Content type term text
337 ## - MEDIA TYPE
Source rda media
Media type term Computer
338 ## - CARRIER TYPE
Source rda carrier
Carrier type term Online Resource
500 ## - GENERAL NOTE
General note Includes Index Pages 685-700.<br/>Includes Photographs .
546 ## - LANGUAGE NOTE
Language note Text in English
650 1# - SUBJECT ADDED ENTRY--TOPICAL TERM
Topical term or geographic name entry element Diplomacy
650 1# - SUBJECT ADDED ENTRY--TOPICAL TERM
Topical term or geographic name entry element Diplomatic Corps
651 1# - SUBJECT ADDED ENTRY--GEOGRAPHIC NAME
Source of heading or term qrmak
700 1# - ADDED ENTRY--PERSONAL NAME
Personal name Felix Gilbert
Relator term Contributor
856 40 - ELECTRONIC LOCATION AND ACCESS
Uniform Resource Identifier <a href="https://fll.law.cu.edu.eg/fulltext/bks/B11-08718.pdf">https://fll.law.cu.edu.eg/fulltext/bks/B11-08718.pdf</a>
905 ## - Cataloger and Reviser Names
Cataloger Name: Hager Sameh
942 ## - ADDED ENTRY ELEMENTS (KOHA)
Source of classification or shelving scheme Dewey Decimal Classification
Koha item type Books
Edition 21
Suppress in OPAC No
Holdings
Withdrawn status Lost status Source of classification or shelving scheme Damaged status Not for loan Collection Home library Current library Date acquired Total checkouts Full call number Barcode Date last seen Copy number Price effective from Koha item type
    Dewey Decimal Classification   Not for loan القانون الدولي العام جــــامعة القــاهرة مكتبة كلية الحقوق - المبنى الرئيسي 03.03.2026   Law1 11 341.33 DI 1953 1108718 C1 B11-08718 03.03.2026 1 03.03.2026 Books
    Dewey Decimal Classification     القانون الدولي العام جــــامعة القــاهرة مكتبة كلية الحقوق - المبنى الرئيسي 07.03.2026   Law1 11 341.33 DI 1953 1108609 C2 B11-08609 07.03.2026 2 07.03.2026 Books

© All rights reserved — Faculty of Law, Cairo University